Learn active server pages / (Record no. 40050)

MARC details
000 -LEADER
fixed length control field 00679nam a22001937a 4500
005 - DATE AND TIME OF LATEST TRANSACTION
control field 20100807132719.0
010 ## - LCCN (DPL NO)
LC control number ENG-98774
020 ## - INTERNATIONAL STANDARD BOOK NUMBER
International Standard Book Number 9788190752107
Terms of availability 150.00
035 ## - SYSTEM CONTROL NUMBER
System control number EN-82306
037 ## - SOURCE OF ACQUISITION
Source of stock number/acquisition DBAD/PUB
082 ## - DEWEY DECIMAL CLASSIFICATION NUMBER
Classification number 005.276
100 ## - MAIN ENTRY--PERSONAL NAME
Personal name Selvavinayagam,R.
245 ## - TITLE STATEMENT
Title Learn active server pages /
Statement of responsibility, etc by R.Selvavinayagam
260 ## - PUBLICATION, DISTRIBUTION, ETC. (IMPRINT)
Place of publication, distribution, etc Rajapalaiyam
Name of publisher, distributor, etc Gunna Puthaga Nilayam
Date of publication, distribution, etc 2008
270 ## - ADDRESS
Address 90,Mudangiaru Road Rajapalaiyam
City Tamil Nadu
Postal code 626117
300 ## - PHYSICAL DESCRIPTION
Extent 177p.
Dimensions 22cm (pbk)
942 ## - ADDED ENTRY ELEMENTS (KOHA)
Source of classification or shelving scheme Dewey Decimal Classification
Item type English Books
Classification part 005.276
Call number suffix SEL
Holdings
Withdrawn status Lost status Not for loan Collection code Home library Current library Date acquired Cost, normal purchase price Full call number Barcode Cost, replacement price Koha item type
    Not For Loan Non-fiction D.B.Act.Division D.B.Act.Division 07/08/2010 150.00 005.276 SEL EN-82306 150.00 English Books

© Delhi Public Library
Hit Counter
free hit counter